[Event "DVM U12 2017"]
[Site "Magdeburg GER"]
[Date "2017.12.27"]
[Round "2"]
[White "Hoffmann, Siegfried"]
[Black "Lerchl, Clemens"]
[Result "0-1"]
[Termination "normal"]
[Board "5.2"]
[WhiteElo "1552"]
[BlackElo "1547"]
[WhiteClock "00:51:14"]
[BlackClock "00:47:17"]
[WhiteTeam "USC Magdeburg"]
[BlackTeam "SC Vaterstetten"]
[PlyCount "92"]
[WhiteFideId "16252268"]
[BlackFideId "16226372"]
[EventCountry "GER"]
[EventRounds "7"]
[EventType "team-swiss"]
[EventDate "2017.12.26"]

1. e4 {[%clk 1:30:44]} c5 {[%clk 1:30:55]} 2. Nc3 {[%clk 1:30:46]} d6 {[%clk
1:31:20]} 3. g3 {[%clk 1:30:41]} Nf6 {[%clk 1:31:38]} 4. Bg2 {[%clk 1:30:42]}
g6 {[%clk 1:31:53]} 5. d3 {[%clk 1:30:42]} Bg7 {[%clk 1:32:08]} 6. Be3 {[%clk
1:30:42]} Nc6 {[%clk 1:32:29]} 7. Nge2 {[%clk 1:29:43]} O-O {[%clk 1:32:34]} 8.
O-O {[%clk 1:29:21]} e6 {[%clk 1:32:27]} 9. f4 {[%clk 1:26:48]} d5 {[%clk
1:32:02]} 10. Bxc5 {[%clk 1:26:18]} Re8 {[%clk 1:31:23]} 11. e5 {[%clk
1:24:52]} Nd7 {[%clk 1:31:36]} 12. Bd6 {[%clk 1:24:41]} Bf8 {[%clk 1:31:39]}
13. Nb5 {[%clk 1:24:38]} Qb6+ {[%clk 1:31:04]} 14. Ned4 {[%clk 1:23:22]} Nxd4
{[%clk 1:31:14]} 15. Nc7 {[%clk 1:22:06]} Nb5+ {[%clk 1:30:47]} 16. d4 {[%clk
1:18:54]} Nxc7 {[%clk 1:30:57]} 17. Bxc7 {[%clk 1:17:57]} Qxc7 {[%clk 1:31:04]}
18. h4 {[%clk 1:12:46]} a5 {[%clk 1:28:20]} 19. g4 {[%clk 1:11:45]} Be7 {[%clk
1:26:26]} 20. h5 {[%clk 1:10:48]} Qb6 {[%clk 1:25:02]} 21. Rb1 {[%clk 1:09:48]}
Nb8 {[%clk 1:24:10]} 22. Rf3 {[%clk 1:07:38]} Nc6 {[%clk 1:23:32]} 23. c3
{[%clk 1:07:51]} Bd7 {[%clk 1:21:16]} 24. Qd2 {[%clk 1:06:12]} Kg7 {[%clk
1:15:01]} 25. Re1 {[%clk 1:05:58]} a4 {[%clk 1:14:13]} 26. Bh3 {[%clk 1:04:42]}
Na5 {[%clk 1:14:14]} 27. f5 {[%clk 1:04:27]} Nc4 {[%clk 1:12:43]} 28. Qg2
{[%clk 1:03:18]} Bd8 {[%clk 1:09:06]} 29. Qg3 {[%clk 1:01:37]} Nd2 {[%clk
1:07:33]} 30. Rf4 {[%clk 1:00:38]} Ne4 {[%clk 1:07:30]} 31. f6+ {[%clk
1:00:26]} Kh8 {[%clk 1:05:24]} 32. Qh2 {[%clk 0:59:59]} g5 {[%clk 1:04:51]} 33.
Rf3 {[%clk 0:57:16]} h6 {[%clk 1:05:01]} 34. Kh1 {[%clk 0:56:46]} Rc8 {[%clk
1:04:44]} 35. a3 {[%clk 0:56:58]} Qb3 {[%clk 1:04:31]} 36. Bf1 {[%clk 0:56:35]}
Rc6 {[%clk 1:03:40]} 37. Bd3 {[%clk 0:56:45]} Rb6 {[%clk 1:03:39]} 38. Rb1
{[%clk 0:56:57]} Bc6 {[%clk 1:01:42]} 39. Re3 {[%clk 0:55:36]} Bc7 {[%clk
0:57:03]} 40. Qg2 {[%clk 0:54:13]} Bb5 {[%clk 0:51:00]} 41. Bc2 {[%clk
0:53:14]} Qc4 {[%clk 0:51:16]} 42. Kg1 {[%clk 0:52:19]} Qc6 {[%clk 0:49:39]}
43. Kh1 {[%clk 0:52:16]} Bc4 {[%clk 0:49:03]} 44. Kg1 {[%clk 0:51:24]} Ba2
{[%clk 0:49:06]} 45. Rc1 {[%clk 0:51:08]} Rxb2 {[%clk 0:48:56]} 46. Qf3 {[%clk
0:51:14]} Bb3 {[%clk 0:47:17]} 0-1

[Event "DVM U12 2017"]
[Site "Magdeburg GER"]
[Date "2017.12.27"]
[Round "2"]
[White "Eisl, Ralf"]
[Black "Herter, Arne"]
[Result "1-0"]
[Termination "normal"]
[Board "5.3"]
[WhiteElo "1172"]
[BlackElo "1342"]
[WhiteClock "01:16:00"]
[BlackClock "01:19:35"]
[WhiteTeam "SC Vaterstetten"]
[BlackTeam "USC Magdeburg"]
[PlyCount "39"]
[WhiteFideId "16255445"]
[BlackFideId "16255372"]
[EventCountry "GER"]
[EventRounds "7"]
[EventType "team-swiss"]
[EventDate "2017.12.26"]

1. e4 b6 2. Nc3 Bb7 3. d4 e6 4. a3 Be7 5. Bd3 Nf6 6. Nf3 d5 7. Qe2 O-O 8. Bf4
c5 9. e5 Nfd7 10. Qe3 Nc6 11. Ne2 Qc7 12. c3 a6 13. O-O b5 14. b3 c4 15. Bc2
cxb3 16. Bxb3 Na5 17. Ba2 Bxa3 18. Qd3 Be7 19. Bb1 b4 20. Qxh7# 1-0

[Event "DVM U12 2017"]
[Site "Magdeburg GER"]
[Date "2017.12.27"]
[Round "2"]
[White "Schiffner, Robin"]
[Black "Karpen, Jakob"]
[Result "1-0"]
[Termination "normal"]
[Board "5.4"]
[WhiteElo "1382"]
[BlackElo "1118"]
[WhiteClock "00:47:13"]
[BlackClock "01:06:06"]
[WhiteTeam "USC Magdeburg"]
[BlackTeam "SC Vaterstetten"]
[PlyCount "135"]
[WhiteFideId "16210328"]
[BlackFideId "16255453"]
[EventCountry "GER"]
[EventRounds "7"]
[EventType "team-swiss"]
[EventDate "2017.12.26"]

1. e4 {[%clk 1:30:58]} e5 {[%clk 1:30:44]} 2. Nf3 {[%clk 1:31:22]} Nc6 {[%clk
1:31:09]} 3. Bb5 {[%clk 1:31:48]} a6 {[%clk 1:31:28]} 4. Ba4 {[%clk 1:32:10]}
Nf6 {[%clk 1:31:51]} 5. d3 {[%clk 1:32:22]} Bc5 {[%clk 1:32:00]} 6. c3 {[%clk
1:32:42]} O-O {[%clk 1:31:28]} 7. O-O {[%clk 1:33:03]} d5 {[%clk 1:31:17]} 8.
Bxc6 {[%clk 1:32:19]} bxc6 {[%clk 1:31:36]} 9. Nxe5 {[%clk 1:31:56]} Re8 {[%clk
1:31:45]} 10. d4 {[%clk 1:31:32]} dxe4 {[%clk 1:31:47]} 11. Nxc6 {[%clk
1:29:44]} Qd7 {[%clk 1:30:51]} 12. Ne5 {[%clk 1:28:56]} Qf5 {[%clk 1:29:49]}
13. Be3 {[%clk 1:26:17]} Bb7 {[%clk 1:29:32]} 14. Nd2 {[%clk 1:24:28]} Rad8
{[%clk 1:28:56]} 15. Qb3 {[%clk 1:22:35]} Bd5 {[%clk 1:27:06]} 16. Qa4 {[%clk
1:21:14]} Rd6 {[%clk 1:25:23]} 17. dxc5 {[%clk 1:18:25]} Rde6 {[%clk 1:24:01]}
18. Nec4 {[%clk 1:17:41]} Ng4 {[%clk 1:23:41]} 19. h3 {[%clk 1:14:11]} Ne5
{[%clk 1:22:35]} 20. Nxe5 {[%clk 1:13:05]} Qxe5 {[%clk 1:21:47]} 21. Bd4 {[%clk
1:12:02]} Qg5 {[%clk 1:21:52]} 22. Be3 {[%clk 1:10:10]} Qg6 {[%clk 1:20:02]}
23. Nb3 {[%clk 1:09:01]} f5 {[%clk 1:17:01]} 24. Nd4 {[%clk 1:05:33]} Rf6
{[%clk 1:17:13]} 25. Qd7 {[%clk 1:01:39]} Ba8 {[%clk 1:17:26]} 26. Ne2 {[%clk
0:58:34]} Ref8 {[%clk 1:16:03]} 27. Nf4 {[%clk 0:57:16]} R8f7 {[%clk 1:14:21]}
28. Nxg6 {[%clk 0:56:17]} Rxd7 {[%clk 1:14:49]} 29. Nf4 {[%clk 0:55:44]} g5
{[%clk 1:15:03]} 30. Ne2 {[%clk 0:54:20]} f4 {[%clk 1:15:11]} 31. Bd4 {[%clk
0:54:03]} Rf5 {[%clk 1:14:54]} 32. g4 {[%clk 0:51:46]} fxg3 {[%clk 1:14:45]}
33. Nxg3 {[%clk 0:51:44]} Rf4 {[%clk 1:14:15]} 34. Rad1 {[%clk 0:50:09]} Rh4
{[%clk 1:14:26]} 35. Kh2 {[%clk 0:49:50]} g4 {[%clk 1:13:52]} 36. Kg1 {[%clk
0:47:48]} gxh3 {[%clk 1:13:22]} 37. Kh2 {[%clk 0:47:26]} Bb7 {[%clk 1:05:42]}
38. Bf6 {[%clk 0:47:07]} Rxd1 {[%clk 1:05:33]} 39. Rxd1 {[%clk 0:47:12]} Rf4
{[%clk 1:05:52]} 40. Bd4 {[%clk 0:47:13]} Rh4 {[%clk 1:06:06]} 41. Re1 Kf7 42.
Re3 Kg6 43. Ne2 Kh5 44. Rxh3 Bd5 45. Rxh4+ Kxh4 46. a3 Kg4 47. Be5 c6 48. Nd4
h5 49. Nc2 Kf3 50. Bd4 a5 51. a4 Bb3 52. Na3 Ke2 53. c4 Bxa4 54. Kg1 Kd3 55.
Bc3 e3 56. fxe3 Kxe3 57. Bxa5 Kf3 58. Kh2 Kg4 59. b4 Kf5 60. b5 cxb5 61. cxb5
Ke6 62. b6 Bc6 63. Be1 Kd5 64. Bf2 Ke4 65. Nc4 Kd3 66. Na5 Ba8 67. b7 Bxb7 68.
Nxb7 1-0

[Event "DVM U12 2017"]
[Site "Magdeburg GER"]
[Date "2017.12.27"]
[Round "2"]
[White "Lauterbach, Kolja"]
[Black "Lutz, Ruben"]
[Result "0-1"]
[Termination "normal"]
[Board "6.1"]
[WhiteElo "1683"]
[BlackElo "1964"]
[WhiteClock "01:07:37"]
[BlackClock "00:52:25"]
[WhiteTeam "SK Freiburg-Zähringen"]
[BlackTeam "USV TU Dresden"]
[PlyCount "74"]
[WhiteFideId "16235916"]
[BlackFideId "12975974"]
[EventCountry "GER"]
[EventRounds "7"]
[EventType "team-swiss"]
[EventDate "2017.12.26"]

1. e4 e6 2. d4 {[%clk 1:31:24]} d5 {[%clk 1:31:22]} 3. Nd2 {[%clk 1:31:49]} Nf6
{[%clk 1:31:47]} 4. Bd3 {[%clk 1:32:07]} dxe4 {[%clk 1:29:45]} 5. Nxe4 {[%clk
1:32:28]} Nbd7 {[%clk 1:29:57]} 6. Nf3 {[%clk 1:32:44]} Be7 {[%clk 1:29:45]} 7.
c3 {[%clk 1:33:04]} O-O {[%clk 1:29:57]} 8. O-O {[%clk 1:33:27]} b6 {[%clk
1:27:53]} 9. Qc2 {[%clk 1:33:43]} Bb7 {[%clk 1:27:01]} 10. Neg5 {[%clk
1:32:57]} h6 {[%clk 1:25:05]} 11. Ne4 {[%clk 1:31:43]} c5 {[%clk 1:21:09]} 12.
Be3 {[%clk 1:31:14]} Qc7 {[%clk 1:18:28]} 13. Rad1 {[%clk 1:26:02]} c4 {[%clk
1:14:59]} 14. Be2 {[%clk 1:26:13]} Bxe4 {[%clk 1:15:21]} 15. Qd2 {[%clk
1:24:33]} Nd5 {[%clk 1:13:36]} 16. b3 {[%clk 1:22:35]} cxb3 {[%clk 1:13:36]}
17. c4 {[%clk 1:22:22]} Bb4 {[%clk 1:12:41]} 18. Qc1 {[%clk 1:20:06]} Nc3
{[%clk 1:12:31]} 19. Qb2 {[%clk 1:18:59]} Nxd1 {[%clk 1:12:15]} 20. Rxd1 {[%clk
1:16:40]} Nf6 {[%clk 1:10:47]} 21. axb3 {[%clk 1:15:36]} Rad8 {[%clk 1:09:43]}
22. Bd3 {[%clk 1:15:15]} Bxf3 {[%clk 1:08:42]} 23. gxf3 {[%clk 1:15:38]} Bd6
{[%clk 1:08:52]} 24. Qc1 {[%clk 1:14:22]} Nh5 {[%clk 1:04:12]} 25. Bxh6 {[%clk
1:13:39]} Bf4 {[%clk 1:04:36]} 26. Bxf4 {[%clk 1:11:46]} Qxf4 {[%clk 1:05:00]}
27. Qc3 {[%clk 1:11:28]} Kh8 {[%clk 1:05:00]} 28. Bc2 {[%clk 1:11:19]} Nf6
{[%clk 1:03:30]} 29. Kh1 {[%clk 1:10:38]} Rd7 {[%clk 1:03:41]} 30. d5 {[%clk
1:10:14]} exd5 {[%clk 1:03:16]} 31. Rd4 {[%clk 1:10:27]} Qc1+ {[%clk 0:59:27]}
32. Kg2 {[%clk 1:10:42]} Qg5+ {[%clk 0:59:51]} 33. Kh3 {[%clk 1:10:46]} dxc4
{[%clk 0:59:27]} 34. Rh4+ {[%clk 1:10:31]} Kg8 {[%clk 0:59:52]} 35. f4 {[%clk
1:07:27]} Qg1 {[%clk 0:52:47]} 36. Qf3 {[%clk 1:07:18]} Qf1+ {[%clk 0:52:17]}
37. Kg3 {[%clk 1:07:37]} Rd3 {[%clk 0:52:25]} 0-1

[Event "DVM U12 2017"]
[Site "Magdeburg GER"]
[Date "2017.12.27"]
[Round "2"]
[White "Lutz, Adam"]
[Black "Straub, Benno"]
[Result "1-0"]
[Termination "normal"]
[Board "6.2"]
[WhiteElo "1775"]
[BlackElo "1492"]
[WhiteClock "01:05:30"]
[BlackClock "01:26:48"]
[WhiteTeam "USV TU Dresden"]
[BlackTeam "SK Freiburg-Zähringen"]
[PlyCount "79"]
[WhiteFideId "16226615"]
[BlackFideId "16255488"]
[EventCountry "GER"]
[EventRounds "7"]
[EventType "team-swiss"]
[EventDate "2017.12.26"]

1. e4 e5 2. Nf3 Nc6 3. d4 exd4 4. Nxd4 Bc5 5. Nb3 Bb6 6. a4 a5 7. Nc3 Nf6 8.
Bg5 h6 9. Bh4 d6 10. Be2 g5 11. Bg3 Be6 12. h4 Kd7 13. e5 Ne8 14. Ne4 f5 15.
exd6 Kc8 16. Nec5 Bxb3 17. d7+ Kb8 18. dxe8=Q Rxe8 19. Qxd8+ Rxd8 20. Nxb3 f4
21. Bh2 Nb4 22. Rc1 Ka7 23. Bg1 Na2 24. Rd1 Rxd1+ 25. Kxd1 Rd8+ 26. Bd3 Nb4 27.
Ke2 g4 28. f3 Re8+ 29. Kd2 c5 30. Bxc5 Bxc5 31. Nxc5 Nxd3 32. Nxd3 gxf3 33.
gxf3 Rg8 34. Nxf4 Rf8 35. Ke3 Re8+ 36. Kf2 Rd8 37. Nd3 Rd4 38. b3 h5 39. f4 Kb6
40. Rg1 1-0

[Event "DVM U12 2017"]
[Site "Magdeburg GER"]
[Date "2017.12.27"]
[Round "2"]
[White "Tolstorukova, Amelie"]
[Black "Günther, Fabian"]
[Result "0-1"]
[Termination "normal"]
[Board "6.3"]
[WhiteElo "1223"]
[BlackElo "1404"]
[WhiteTeam "SK Freiburg-Zähringen"]
[BlackTeam "USV TU Dresden"]
[PlyCount "52"]
[WhiteFideId "16255496"]
[BlackFideId "16240294"]
[EventCountry "GER"]
[EventRounds "7"]
[EventType "team-swiss"]
[EventDate "2017.12.26"]

1. e4 c5 2. Nc3 Nc6 3. Bc4 Nf6 4. Nf3 e6 5. d3 d5 6. Bb5 Bd7 7. d4 dxe4 8. Nd2
Nxd4 9. Bxd7+ Qxd7 10. Ndxe4 Nxe4 11. Nxe4 Qd5 12. f3 Rd8 13. O-O Qc4 14. Kh1
Nxc2 15. Nd2 Qd3 16. Rb1 Ne3 17. Qe1 Nxf1 18. Qxf1 Qxf1+ 19. Nxf1 Be7 20. Bf4
O-O 21. Rc1 Rd3 22. Be3 Rfd8 23. Kg1 Rd1 24. Rc3 R1d3 25. Rxd3 Rxd3 26. Ng3
Rxe3 0-1

[Event "DVM U12 2017"]
[Site "Magdeburg GER"]
[Date "2017.12.27"]
[Round "2"]
[White "Pfefferkorn, Paul"]
[Black "Trimpin, Fynn"]
[Result "0-1"]
[Termination "normal"]
[Board "6.4"]
[WhiteElo "1152"]
[BlackElo "1028"]
[WhiteClock "00:39:48"]
[BlackClock "01:15:45"]
[WhiteTeam "USV TU Dresden"]
[BlackTeam "SK Freiburg-Zähringen"]
[PlyCount "93"]
[WhiteFideId "16255330"]
[BlackFideId "16255500"]
[EventCountry "GER"]
[EventRounds "7"]
[EventType "team-swiss"]
[EventDate "2017.12.26"]

1. e4 {[%clk 1:30:57]} e5 {[%clk 1:30:55]} 2. Nf3 {[%clk 1:31:21]} Nc6 {[%clk
1:31:19]} 3. Bc4 {[%clk 1:31:46]} Nf6 {[%clk 1:31:38]} 4. Nc3 {[%clk 1:32:04]}
Nxe4 {[%clk 1:31:41]} 5. Nxe4 {[%clk 1:32:25]} d5 {[%clk 1:32:04]} 6. Bxd5
{[%clk 1:32:47]} Qxd5 {[%clk 1:32:25]} 7. Nc3 {[%clk 1:32:24]} Qd8 {[%clk
1:32:40]} 8. d3 {[%clk 1:32:32]} Bg4 {[%clk 1:32:59]} 9. h3 {[%clk 1:32:45]}
Bh5 {[%clk 1:33:22]} 10. O-O {[%clk 1:32:17]} Bc5 {[%clk 1:33:41]} 11. Be3
{[%clk 1:31:37]} Bb6 {[%clk 1:33:56]} 12. Ne4 {[%clk 1:30:52]} O-O {[%clk
1:33:19]} 13. Ng3 {[%clk 1:30:24]} Bg6 {[%clk 1:33:32]} 14. Re1 {[%clk
1:12:15]} Ba5 {[%clk 1:29:48]} 15. Re2 {[%clk 1:12:19]} f5 {[%clk 1:26:38]} 16.
Bg5 {[%clk 1:10:27]} Qd6 {[%clk 1:23:12]} 17. Nh4 {[%clk 0:56:52]} Rae8 {[%clk
1:20:58]} 18. Nxg6 {[%clk 0:51:19]} Qxg6 {[%clk 1:20:11]} 19. f4 {[%clk
0:51:26]} h6 {[%clk 1:19:38]} 20. Bh4 {[%clk 0:48:14]} exf4 {[%clk 1:19:43]}
21. Rxe8 {[%clk 0:43:06]} Rxe8 {[%clk 1:18:25]} 22. Qh5 {[%clk 0:43:21]} Ne5
{[%clk 1:17:39]} 23. Qxg6 {[%clk 0:43:08]} Nxg6 {[%clk 1:17:19]} 24. Nxf5
{[%clk 0:43:28]} Nxh4 {[%clk 1:17:38]} 25. Nxh4 {[%clk 0:43:54]} g5 {[%clk
1:17:10]} 26. Nf3 {[%clk 0:43:17]} Re2 {[%clk 1:15:49]} 27. Rc1 {[%clk
0:43:17]} Bd2 {[%clk 1:15:05]} 28. Nxd2 {[%clk 0:43:17]} Rxd2 {[%clk 1:15:24]}
29. Kf1 {[%clk 0:43:02]} Kf7 {[%clk 1:15:31]} 30. Kg1 {[%clk 0:42:33]} h5
{[%clk 1:15:39]} 31. Kf1 {[%clk 0:40:41]} Kf6 {[%clk 1:15:12]} 32. Kg1 {[%clk
0:38:31]} g4 {[%clk 1:14:55]} 33. hxg4 {[%clk 0:38:47]} hxg4 {[%clk 1:15:18]}
34. Kh1 {[%clk 0:37:15]} Kg5 {[%clk 1:14:48]} 35. Kg1 {[%clk 0:37:09]} f3
{[%clk 1:14:27]} 36. gxf3 {[%clk 0:36:57]} gxf3 {[%clk 1:14:43]} 37. Rf1 {[%clk
0:36:13]} Kg4 {[%clk 1:14:58]} 38. Rf2 {[%clk 0:36:34]} Rxf2 {[%clk 1:14:07]}
39. Kxf2 {[%clk 0:36:57]} Kf4 {[%clk 1:14:32]} 40. Kf1 {[%clk 0:37:16]} Ke3
{[%clk 1:14:54]} 41. Ke1 {[%clk 0:37:37]} f2+ 42. Kf1 {[%clk 0:38:01]} Kd2
{[%clk 1:15:03]} 43. Kxf2 {[%clk 0:38:27]} Kxc2 {[%clk 1:15:25]} 44. Ke3 {[%clk
0:38:45]} Kxb2 {[%clk 1:15:18]} 45. Kd4 {[%clk 0:39:09]} Kxa2 {[%clk 1:15:30]}
46. Kc5 {[%clk 0:39:30]} Kb3 {[%clk 1:15:45]} 47. d4 {[%clk 0:39:48]} 0-1

[Event "DVM U12 2017"]
[Site "Magdeburg GER"]
[Date "2017.12.27"]
[Round "2"]
[White "Wiedersich, Hendryk"]
[Black "Strehse, Nelson"]
[Result "0-1"]
[Termination "normal"]
[Board "7.1"]
[WhiteElo "1447"]
[BlackElo "1172"]
[WhiteTeam "SV Dresden-Leuben"]
[BlackTeam "Klub Kölner SF"]
[PlyCount "100"]
[WhiteFideId "16255399"]
[BlackFideId "16228898"]
[EventCountry "GER"]
[EventRounds "7"]
[EventType "team-swiss"]
[EventDate "2017.12.26"]

1. d4 d5 2. Nc3 Nf6 3. Bg5 Nbd7 4. Qd3 c6 5. e4 e5 6. exd5 exd4 7. Qxd4 cxd5 8.
O-O-O Be7 9. Bxf6 Nxf6 10. Nxd5 Nxd5 11. Bb5+ Kf8 12. Qxd5 Qxd5 13. Rxd5 Be6
14. Rd4 Rc8 15. Bd7 Rd8 16. Nf3 Rxd7 17. Rhd1 Rxd4 18. Rxd4 Bf6 19. Rb4 b6 20.
Nd4 Bxd4 21. Rxd4 Ke7 22. b3 Rd8 23. Rxd8 Kxd8 24. Kd2 Kc7 25. Kc3 Kc6 26. Kd4
Kd6 27. f3 Bf5 28. c4 f6 29. a3 Be6 30. h3 Kc6 31. b4 a6 32. f4 g6 33. g4 Kd6
34. Kc3 b5 35. cxb5 axb5 36. Kd4 Bd5 37. h4 Bc6 38. g5 fxg5 39. fxg5 Ke6 40.
Kc5 Be8 41. Kb6 Kf5 42. a4 bxa4 43. b5 a3 44. Kc7 a2 45. b6 a1=Q 46. b7 Qc3+
47. Kd8 Qa5+ 48. Kc8 Qa6 49. Kc7 Qxb7+ 50. Kxb7 Kg4 0-1

[Event "DVM U12 2017"]
[Site "Magdeburg GER"]
[Date "2017.12.27"]
[Round "2"]
[White "Thürbach, Peter"]
[Black "Phan Trong, Dai"]
[Result "0-1"]
[Termination "normal"]
[Board "7.2"]
[WhiteElo "1151"]
[BlackElo "1587"]
[WhiteTeam "Klub Kölner SF"]
[BlackTeam "SV Dresden-Leuben"]
[PlyCount "90"]
[WhiteFideId "16249097"]
[BlackFideId "16236939"]
[EventCountry "GER"]
[EventRounds "7"]
[EventType "team-swiss"]
[EventDate "2017.12.26"]

1. e4 e5 2. Nf3 Nc6 3. Bc4 Bc5 4. c3 Nf6 5. d3 O-O 6. O-O d6 7. Re1 Bg4 8. Nbd2
Qd7 9. Nf1 Be6 10. Bb3 Na5 11. Bxe6 fxe6 12. b4 Bb6 13. bxa5 Bxa5 14. Bd2 Ng4
15. h3 Nf6 16. d4 exd4 17. cxd4 Bb6 18. Bg5 h6 19. Bh4 Nh5 20. Bg3 Qf7 21. a4
a5 22. Ra2 Nxg3 23. Nxg3 e5 24. d5 g6 25. Ree2 Qf4 26. Qd2 Qxg3 27. Kf1 Rxf3
28. gxf3 Qxh3+ 29. Kg1 Rf8 30. Ra3 Rxf3 31. Rxf3 Qxf3 32. Re1 Kg7 33. Kf1 Qh1+
34. Ke2 Qxe4+ 35. Kd1 Qxa4+ 36. Ke2 Qd4 37. Qxd4 Bxd4 38. f4 exf4 39. Kf3 Kf6
40. Kxf4 g5+ 41. Kg4 Kg6 42. Re6+ Bf6 43. Re8 h5+ 44. Kg3 Kf5 45. Re6 h4+ 0-1

[Event "DVM U12 2017"]
[Site "Magdeburg GER"]
[Date "2017.12.27"]
[Round "2"]
[White "Hentschel, Lena"]
[Black "Maric, Anton"]
[Result "1-0"]
[Termination "normal"]
[Board "7.3"]
[WhiteElo "1449"]
[BlackElo "1314"]
[WhiteTeam "SV Dresden-Leuben"]
[BlackTeam "Klub Kölner SF"]
[PlyCount "107"]
[WhiteFideId "16240324"]
[BlackFideId "16211375"]
[EventCountry "GER"]
[EventRounds "7"]
[EventType "team-swiss"]
[EventDate "2017.12.26"]

1. e4 e6 2. Nf3 d5 3. exd5 exd5 4. Qe2+ Be7 5. g3 Be6 6. Nd4 Qd7 7. Nxe6 Qxe6
8. Qxe6 fxe6 9. Bg2 Nf6 10. O-O O-O 11. d3 Re8 12. Re1 Bc5 13. c3 Nc6 14. d4
Bd6 15. Bg5 Nd7 16. Bh3 Nf8 17. Bg2 e5 18. Bxd5+ Kh8 19. dxe5 Nxe5 20. Kf1 Nd3
21. Rxe8 Rxe8 22. Be3 Nxb2 23. Bxb7 Nc4 24. Ke2 Bc5 25. Bc6 Re6 26. Bd5 Nxe3
27. fxe3 Rxe3+ 28. Kd2 Re5 29. c4 Be3+ 30. Kd3 c5 31. Nc3 Bd4 32. Rc1 Re3+ 33.
Kd2 Re5 34. Kd3 Nd7 35. Bc6 Nf6 36. Ne4 Ng4 37. Rf1 h6 38. Rf8+ Kh7 39. h3 Nf6
40. g4 Re6 41. Nxf6+ Bxf6 42. Be4+ g6 43. Rf7+ Kg8 44. Rxa7 Rd6+ 45. Bd5+ Rxd5+
46. cxd5 Bd4 47. d6 Bf6 48. Kc4 Bg5 49. Rc7 Kf8 50. Kxc5 Ke8 51. a4 Bd8 52. Kc6
Bf6 53. a5 Kd8 54. a6 1-0

[Event "DVM U12 2017"]
[Site "Magdeburg GER"]
[Date "2017.12.27"]
[Round "2"]
[White "Tugui, David"]
[Black "von Rechenberg, Johannes Paul"]
[Result "1-0"]
[Termination "normal"]
[Board "7.4"]
[WhiteElo "1168"]
[BlackElo "1243"]
[WhiteTeam "Klub Kölner SF"]
[BlackTeam "SV Dresden-Leuben"]
[PlyCount "103"]
[WhiteFideId "16255518"]
[BlackFideId "16224892"]
[EventCountry "GER"]
[EventRounds "7"]
[EventType "team-swiss"]
[EventDate "2017.12.26"]

1. e4 e5 2. Nf3 Nc6 3. Bc4 Bc5 4. b4 Bxb4 5. c3 Ba5 6. d4 d6 7. Qb3 Qe7 8. d5
Nd8 9. Qa4+ Bd7 10. Qxa5 c6 11. Be3 a6 12. O-O Nf6 13. Nbd2 h6 14. Rab1 b5 15.
Bb3 O-O 16. c4 cxd5 17. cxd5 Nb7 18. Qa3 a5 19. Rfc1 b4 20. Qb2 Nc5 21. Bxc5
dxc5 22. Qxe5 Qd8 23. Rxc5 Re8 24. Qd4 Rc8 25. Rxc8 Qxc8 26. Qc4 Qxc4 27. Bxc4
Nxe4 28. Re1 f5 29. Nxe4 fxe4 30. Nd2 Rd8 31. Nxe4 Bf5 32. Bd3 Rxd5 33. Bc4 Be6
34. Bxd5 Bxd5 35. Nd6 Bxa2 36. Ra1 b3 37. Nc4 a4 38. Kf1 Kf7 39. Ke2 Ke6 40.
Kd3 Kd5 41. Kc3 Kc5 42. Na3 g6 43. Kb2 Kb4 44. Re1 Ka5 45. Re6 g5 46. Rxh6 g4
47. f4 Kb4 48. f5 Ka5 49. f6 Kb4 50. f7 Ka5 51. f8=Q g3 52. Qc5# 1-0

[Event "DVM U12 2017"]
[Site "Magdeburg GER"]
[Date "2017.12.27"]
[Round "2"]
[White "Kittel, Lennart"]
[Black "Kalina, Lena"]
[Result "0-1"]
[Termination "normal"]
[Board "8.1"]
[WhiteElo "1116"]
[BlackElo "1440"]
[WhiteTeam "SF 1876 Göppingen"]
[BlackTeam "SC Landskrone"]
[PlyCount "68"]
[WhiteFideId "16254171"]
[BlackFideId "12988014"]
[EventCountry "GER"]
[EventRounds "7"]
[EventType "team-swiss"]
[EventDate "2017.12.26"]

1. d4 Nf6 2. c4 g6 3. Nc3 Bg7 4. e4 d6 5. Be2 O-O 6. g4 e5 7. d5 a5 8. g5 Ne8
9. h4 f5 10. h5 fxe4 11. Nxe4 Bf5 12. Bd3 Na6 13. Nc3 Nc5 14. Bxf5 Rxf5 15. Rh3
c6 16. Qg4 Nc7 17. hxg6 hxg6 18. Qh4 Kf7 19. Qh7 Qh8 20. Ke2 cxd5 21. cxd5 b5
22. Be3 b4 23. Bxc5 dxc5 24. d6 Ne6 25. Qxh8 Rxh8 26. Rxh8 Bxh8 27. Nb5 Nd4+
28. Nxd4 exd4 29. Nh3 Rd5 30. Rc1 d3+ 31. Kd2 Bxb2 32. Rc4 Bc3+ 33. Kd1 d2 34.
Rf4+ Kg7 0-1

[Event "DVM U12 2017"]
[Site "Magdeburg GER"]
[Date "2017.12.27"]
[Round "2"]
[White "Müller, Maurice-Pascal"]
[Black "Blazevic, Ksaver"]
[Result "1/2-1/2"]
[Termination "normal"]
[Board "8.2"]
[WhiteElo "1403"]
[BlackElo "1139"]
[WhiteTeam "SC Landskrone"]
[BlackTeam "SF 1876 Göppingen"]
[PlyCount "97"]
[WhiteFideId "16243340"]
[BlackFideId "16255534"]
[EventCountry "GER"]
[EventRounds "7"]
[EventType "team-swiss"]
[EventDate "2017.12.26"]

1. e4 c5 2. Nf3 a6 3. d4 cxd4 4. Nxd4 e5 5. Nf3 Nc6 6. Bc4 h6 7. Nc3 Nf6 8. Be3
Bb4 9. Bd2 d6 10. Bd3 O-O 11. Nd5 Nxd5 12. exd5 Bxd2+ 13. Qxd2 Ne7 14. O-O-O
Bf5 15. Bxf5 Nxf5 16. g4 Nh4 17. Nxh4 Qxh4 18. Qb4 Qxf2 19. Qxd6 Qf4+ 20. Kb1
Rfd8 21. Qb6 Qxg4 22. Qxb7 Qd7 23. Qb4 Rab8 24. Qe4 Rb5 25. d6 Rb6 26. Qxe5
Rxd6 27. Rc1 Rd1 28. Rhxd1 Qxd1 29. a3 Qd6 30. Qh5 Re8 31. Rf1 Qe6 32. b3 Rd8
33. Kb2 Rd5 34. Qf3 g6 35. Rf2 Kg7 36. Re2 Qf6+ 37. Qc3 Qxc3+ 38. Kxc3 f5 39.
Kc4 Rd7 40. Kc5 Rf7 41. Kb6 f4 42. Kxa6 f3 43. Rf2 g5 44. Kb5 g4 45. Kc4 Re7
46. Kd3 h5 47. a4 h4 48. c3 Kf6 49. a5 1/2-1/2